[Event "Bundesliga B Mitte 2008/2009"]
[Site "Wolfsberg"]
[Date "2008.10.11"]
[Round "1"]
[Board "5"]
[White "Petschar, Kurt"]
[Black "Kotz, Heinz Peter"]
[Result "1-0"]
[WhiteElo "2267"]
[BlackElo "2342"]
[PlyCount "41"]
[EventDate "2008.10.11"]
[EventType "team"]
[EventRounds "11"]
[EventCountry "AUT"]
[WhiteTeam "SC Die Klagenfurter"]
[BlackTeam "ESV Austria Graz"]

1.e4 e5 2.Nf3 Nc6 3.Bb5 f5 4.d3 Nf6 5.O-O Bc5 6.exf5 O-O 7.Be3 Nd4 8.Ba4 Qe7
9.Re1 Nxf3+ 10.Qxf3 d5 11.Bxc5 Qxc5 12.Nc3 Qd4 13.Qe2 e4 14.dxe4 Nxe4 15.Nxd5
Nxf2 16.Qxf2 Qxa4 17.f6 gxf6 18.Re7 Kh8 19.Nxf6 Bf5 20.Qxf5 Qd4+ 21.Kh1

[Event "Bundesliga B Mitte 2008/2009"]
[Site "Wolfsberg"]
[Date "2008.10.11"]
[Round "1"]
[Board "6"]
[White "Aschenbrenner, Robert"]
[Black "Titz, Heimo"]
[Result "1/2-1/2"]
[WhiteElo "2261"]
[BlackElo "2216"]
[PlyCount "78"]
[EventDate "2008.10.11"]
[EventType "team"]
[EventRounds "11"]
[EventCountry "AUT"]
[WhiteTeam "ESV Austria Graz"]
[BlackTeam "SC Die Klagenfurter"]

1.e4 c5 2.Nc3 Nc6 3.Bb5 d6 4.Bxc6+ bxc6 5.f4 g6 6.Nf3 Bg7 7.O-O Nf6 8.d3 O-O
9.Qe1 Bg4 10.Nd2 Bd7 11.Nc4 Ne8 12.Bd2 Nc7 13.a4 Ne6 14.Ne3 Nd4 15.Ncd1 f5
16.exf5 Nxf5 17.Nxf5 Bxf5 18.Bc3 Bd4+ 19.Ne3 Be6 20.Rf2 Qd7 21.Bxd4 cxd4 22.Nf1
Bd5 23.Nd2 Rf7 24.Ne4 Raf8 25.Qd2 c5 26.b3 e5 27.Raf1 Bxe4 28.dxe4 exf4 29.Rxf4
Qg4 30.Rxf7 Rxf7 31.Rxf7 Kxf7 32.Qd3 Ke7 33.a5 h5 34.a6 h4 35.h3 Qf4 36.Qb5 Qc1+
37.Kh2 Qf4+ 38.Kg1 Qe3+ 39.Kh2 Qf4+

[Event "Bundesliga B Mitte 2008/2009"]
[Site "Wolfsberg"]
[Date "2008.10.11"]
[Round "1"]
[Board "1"]
[White "Wittmann, Walter"]
[Black "Gonda, Laszlo"]
[Result "1/2-1/2"]
[WhiteElo "2269"]
[BlackElo "2522"]
[PlyCount "54"]
[EventDate "2008.10.11"]
[EventType "team"]
[EventRounds "11"]
[EventCountry "AUT"]
[WhiteTeam "Union Styria Kleine Zeitung Graz"]
[BlackTeam "ASK St. Valentin"]

1.e4 e5 2.Nf3 Nc6 3.Nc3 Nf6 4.Bb5 Bd6 5.d3 a6 6.Ba4 O-O 7.O-O Re8 8.Ne2 Bf8 9.c4
d6 10.Ng3 Rb8 11.Bxc6 bxc6 12.Re1 g6 13.b3 c5 14.h3 Bg7 15.Nh2 Nd7 16.Rb1 Nf8
17.Rf1 Ne6 18.Ne2 Qe7 19.f4 exf4 20.Nxf4 Nxf4 21.Bxf4 f5 22.Re1 Qh4 23.Qd2 fxe4
24.dxe4 Rf8 25.Rf1 Bb7 26.Ng4 Qe7 27.Rbe1 h5

[Event "Bundesliga B Mitte 2008/2009"]
[Site "Wolfsberg"]
[Date "2008.10.11"]
[Round "1"]
[Board "2"]
[White "Flumbort, Andras"]
[Black "Hatzl, Stefan"]
[Result "1-0"]
[WhiteElo "2489"]
[BlackElo "2148"]
[PlyCount "43"]
[EventDate "2008.10.11"]
[EventType "team"]
[EventRounds "11"]
[EventCountry "AUT"]
[WhiteTeam "ASK St. Valentin"]
[BlackTeam "Union Styria Kleine Zeitung Graz"]

1.d4 e6 2.c4 d5 3.Nf3 c6 4.e3 Bd6 5.Bd3 f5 6.O-O Nf6 7.b3 Qe7 8.Bb2 O-O 9.Qc1
Nbd7 10.Ba3 Ne4 11.Bxd6 Qxd6 12.Qa3 b6 13.Rc1 c5 14.cxd5 exd5 15.Nc3 c4 16.Qxd6
Nxd6 17.Be2 Nf6 18.bxc4 dxc4 19.Nb5 Nfe4 20.Ne5 Nxb5 21.Bxc4+ Kh8 22.Bxb5

[Event "Bundesliga B Mitte 2008/2009"]
[Site "Wolfsberg"]
[Date "2008.10.11"]
[Round "1"]
[Board "3"]
[White "Spirk, Stefan"]
[Black "Galyas, Miklos"]
[Result "0-1"]
[WhiteElo "2128"]
[BlackElo "2456"]
[PlyCount "68"]
[EventDate "2008.10.11"]
[EventType "team"]
[EventRounds "11"]
[EventCountry "AUT"]
[WhiteTeam "Union Styria Kleine Zeitung Graz"]
[BlackTeam "ASK St. Valentin"]

1.c4 f5 2.Nc3 Nf6 3.g3 g6 4.Bg2 Bg7 5.e3 O-O 6.Nge2 d6 7.d4 c6 8.d5 Bd7 9.O-O
Na6 10.Rb1 Qe8 11.b3 Nc5 12.Bb2 a5 13.a3 Qf7 14.b4 axb4 15.axb4 Nce4 16.Nxe4
Nxe4 17.Bxg7 Qxg7 18.Ra1 Rxa1 19.Qxa1 cxd5 20.Qxg7+ Kxg7 21.cxd5 Bb5 22.Re1 Bxe2
23.Rxe2 Rc8 24.Bxe4 fxe4 25.Rd2 Kf6 26.Rd4 Ke5 27.Kg2 b5 28.f4+ exf3+ 29.Kxf3
Rc4 30.Rd2 Rxb4 31.h4 h5 32.Rd1 Rc4 33.Rb1 b4 34.Ra1 b3

[Event "Bundesliga B Mitte 2008/2009"]
[Site "Wolfsberg"]
[Date "2008.10.11"]
[Round "1"]
[Board "4"]
[White "Sandhoefner, Florian"]
[Black "Nickl, Klaus"]
[Result "0-1"]
[WhiteElo "2246"]
[BlackElo "2150"]
[PlyCount "72"]
[EventDate "2008.10.11"]
[EventType "team"]
[EventRounds "11"]
[EventCountry "AUT"]
[WhiteTeam "ASK St. Valentin"]
[BlackTeam "Union Styria Kleine Zeitung Graz"]

1.e4 e5 2.Nf3 Nc6 3.Bb5 a6 4.Ba4 Nf6 5.O-O Be7 6.Re1 b5 7.Bb3 d6 8.c3 O-O 9.h3
Na5 10.Bc2 c5 11.d4 Qc7 12.Nbd2 Bd7 13.Nf1 cxd4 14.cxd4 Nc6 15.Ne3 Rfe8 16.d5
Nb4 17.Bb1 a5 18.Bd2 Na6 19.a3 a4 20.Bc2 Nc5 21.Nf1 Rec8 22.g4 g6 23.Ng3 Qd8
24.Kh2 Kh8 25.Ng5 Kg7 26.f4 exf4 27.Bxf4 Nxg4+ 28.hxg4 Bxg5 29.Bxd6 Qf6 30.e5
Qf2+ 31.Kh3 h5 32.e6 Nxe6 33.dxe6 Rxc2 34.gxh5 Qh2+ 35.Kg4 Qh4+ 36.Kf3 Bc6+

[Event "Bundesliga B Mitte 2008/2009"]
[Site "Wolfsberg"]
[Date "2008.10.11"]
[Round "1"]
[Board "5"]
[White "Manhardt, Thomas"]
[Black "Tober, Gerhard"]
[Result "0-1"]
[WhiteElo "2141"]
[BlackElo "2318"]
[PlyCount "104"]
[EventDate "2008.10.11"]
[EventType "team"]
[EventRounds "11"]
[EventCountry "AUT"]
[WhiteTeam "Union Styria Kleine Zeitung Graz"]
[BlackTeam "ASK St. Valentin"]

1.e4 c5 2.d4 cxd4 3.c3 d5 4.exd5 Qxd5 5.cxd4 Nc6 6.Nf3 Bg4 7.Be2 e6 8.Nc3 Qd6
9.Be3 Nf6 10.O-O Be7 11.Qd2 O-O 12.Rac1 Nb4 13.Bf4 Qd8 14.Be5 Nbd5 15.Qg5 h6
16.Qh4 Bf5 17.Nxd5 Nxd5 18.Qg3 f6 19.Bc7 Qd7 20.Nh4 Bh7 21.Bc4 Rac8 22.Ba5 g5
23.Bd2 Kh8 24.Nf3 Bf5 25.Ne1 Bd6 26.Qb3 Bf4 27.Be3 Qd6 28.Nf3 Be4 29.Nd2 Bf5
30.h3 b6 31.Kh1 Kg7 32.a4 Rc7 33.Bxd5 Rxc1 34.Rxc1 exd5 35.Qb5 Rf7 36.Rc6 Qd7
37.Bxf4 gxf4 38.Kg1 Bd3 39.Qxd3 Qxc6 40.Kh2 Qe6 41.Nf3 Qe4 42.Qc3 Kh7 43.Qc6 Qf5
44.Nh4 Qd7 45.Qc2+ f5 46.Nf3 Qc7 47.Qe2 Rg7 48.Ne5 Qc1 49.Qd3 Qc8 50.Qf3 Qc2
51.Nd3 Rg8 52.h4 Rg4 {Rest of notation unclear}

[Event "Bundesliga B Mitte 2008/2009"]
[Site "Wolfsberg"]
[Date "2008.10.11"]
[Round "1"]
[Board "6"]
[White "Heimberger, Reinhard"]
[Black "Hatzl, Johannes"]
[Result "1-0"]
[WhiteElo "2256"]
[BlackElo "2118"]
[PlyCount "171"]
[EventDate "2008.10.11"]
[EventType "team"]
[EventRounds "11"]
[EventCountry "AUT"]
[WhiteTeam "ASK St. Valentin"]
[BlackTeam "Union Styria Kleine Zeitung Graz"]

1.c4 e5 2.g3 Nc6 3.Bg2 Nf6 4.Nc3 Be7 5.e3 O-O 6.Nge2 d6 7.d4 exd4 8.exd4 Bg4
9.f3 Bf5 10.g4 Bg6 11.Nf4 Nd7 12.O-O Bf6 13.Be3 Nb6 14.b3 Re8 15.Bf2 Bh4 16.Qd2
Bg5 17.Ne4 Bxf4 18.Qxf4 d5 19.Nc5 Rb8 20.Rfc1 dxc4 21.bxc4 Nd7 22.Ne4 Nb6 23.Nc5
Nd7 24.Nb3 Nb4 25.Rd1 Nd3 26.Qd2 Nxf2 27.Qxf2 Qg5 28.h3 Qe3 29.Re1 Qxf2+ 30.Kxf2
Bd3 31.Na5 Kf8 32.f4 b6 33.Nc6 Rxe1 34.Rxe1 Re8 35.Rxe8+ Kxe8 36.Bd5 a5 37.a3
Bc2 38.Ke3 Nf6 39.Bf3 h6 40.h4 Ba4 41.Ne5 Nd7 42.Nd3 Nf6 43.g5 Ng8 44.Ne5 f6
45.Ng4 fxg5 46.fxg5 hxg5 47.hxg5 Ne7 48.Be4 Bd7 49.Ne5 Ba4 50.Bd3 Nc6 51.Nf3 Ne7
52.d5 c6 53.Kd4 cxd5 54.cxd5 Bb3 55.Bb5+ Kd8 56.d6 Ng6 57.Bd3 Nf4 58.Bb5 Ne6+
59.Ke5 Nc5 60.Nd4 Bf7 61.Nf5 Nd7+ 62.Kd4 g6 63.Ne7 Nf8 64.Ke5 Nd7+ 65.Kf4 Nc5
66.Nc6+ Kc8 67.Ne5 Ne6+ 68.Kg4 Nd8 69.Bd3 Be6+ 70.Kf4 Nb7 71.Ba6 Bd5 72.Nxg6 Kd7
73.Ke5 Nxd6 74.Kxd5 b5 75.Ne5+ Ke7 76.g6 b4 77.a4 b3 78.Nc6+ Kd7 79.Nxa5 b2
80.Bd3 Ne8 81.Nc4 Nc7+ 82.Ke5 Ke7 83.Nxb2 Na8 84.a5 Kf8 85.Kf6 Nc7 86.g7+

[Event "Bundesliga B Mitte 2008/2009"]
[Site "Wolfsberg"]
[Date "2008.10.12"]
[Round "2"]
[Board "1"]
[White "Schenk, Andreas"]
[Black "Gonda, Laszlo"]
[Result "1/2-1/2"]
[WhiteElo "2507"]
[BlackElo "2522"]
[PlyCount "42"]
[EventDate "2008.10.11"]
[EventType "team"]
[EventRounds "11"]
[EventCountry "AUT"]
[WhiteTeam "Schachklub Sparkasse Fuerstenfeld"]
[BlackTeam "ASK St. Valentin"]

1.d4 Nf6 2.c4 e6 3.Nc3 d5 4.cxd5 exd5 5.Bg5 Be7 6.e3 Nbd7 7.Bd3 O-O 8.Nf3 c6
9.Qc2 Re8 10.O-O Nf8 11.h3 Be6 12.Rab1 a5 13.Rfc1 N6d7 14.Bf4 Nb6 15.Na4 Nxa4
16.Qxa4 f6 17.Bg3 Bf7 18.Nh4 g6 19.Qc2 Bd6 20.Bxd6 Qxd6 21.Qc5 Qxc5

[Event "Bundesliga B Mitte 2008/2009"]
[Site "Wolfsberg"]
[Date "2008.10.12"]
[Round "2"]
[Board "2"]
[White "Flumbort, Andras"]
[Black "Kuba, Guenter"]
[Result "1-0"]
[WhiteElo "2489"]
[BlackElo "2397"]
[PlyCount "141"]
[EventDate "2008.10.11"]
[EventType "team"]
[EventRounds "11"]
[EventCountry "AUT"]
[WhiteTeam "ASK St. Valentin"]
[BlackTeam "Schachklub Sparkasse Fuerstenfeld"]

1.d4 d5 2.c4 dxc4 3.Nf3 Nf6 4.e3 Bg4 5.Bxc4 e6 6.Nc3 a6 7.h3 Bh5 8.g4 Bg6 9.Ne5
Nbd7 10.Nxg6 hxg6 11.Bf1 c6 12.Bg2 Qc7 13.Bd2 Bd6 14.Qe2 Nd5 15.O-O g5 16.Nxd5
cxd5 17.Rfc1 Qd8 18.e4 dxe4 19.Qxe4 Rb8 20.d5 e5 21.Qf5 Be7 22.d6 Bxd6 23.Bxg5
g6 24.Qd3 Nf6 25.Rd1 Be7 26.Qb3 Qa5 27.Qf3 Qb6 28.Qe2 Qe6 29.Rac1 O-O 30.Rc7 e4
31.Bf4 Rfc8 32.Qc2 Re8 33.Qc4 Qxc4 34.Rxc4 Rbc8 35.Rxc8 Rxc8 36.Be3 Rd8 37.Rxd8+
Bxd8 38.Bd4 b6 39.Kf1 Kf8 40.Ke2 Nd5 41.Bxe4 Nf4+ 42.Ke3 Nxh3 43.Bb7 a5 44.Ke4
Ke7 45.Kd5 Kd7 46.Bc6+ Kc7 47.Be8 Nf4+ 48.Kc4 f6 49.Kb5 Kb7 50.Bc6+ Ka7 51.Be4
Ne6 52.Be3 g5 53.a3 Nc5 54.Bc2 Nd7 55.Bf5 Ne5 56.b3 Be7 57.a4 Kb7 58.Be4+ Ka7
59.f3 Bd8 60.Bd4 Nd7 61.Kc6 Nc5 62.Bd5 Kb8 63.b4 axb4 64.a5 b3 65.axb6 Nd3
66.Kd7 b2 67.Ba2 Nb4 68.Bb1 Kb7 69.Be4+ Kb8 70.Bf2 f5 71.gxf5

[Event "Bundesliga B Mitte 2008/2009"]
[Site "Wolfsberg"]
[Date "2008.10.12"]
[Round "2"]
[Board "3"]
[White "Wach, Markus"]
[Black "Galyas, Miklos"]
[Result "1/2-1/2"]
[WhiteElo "2377"]
[BlackElo "2456"]
[PlyCount "28"]
[EventDate "2008.10.11"]
[EventType "team"]
[EventRounds "11"]
[EventCountry "AUT"]
[WhiteTeam "Schachklub Sparkasse Fuerstenfeld"]
[BlackTeam "ASK St. Valentin"]

1.d4 f5 2.c4 Nf6 3.g3 g6 4.Bg2 Bg7 5.Nc3 O-O 6.Nf3 d6 7.O-O Qe8 8.Re1 Qf7 9.b3
Ne4 10.Bb2 Nd7 11.Qc2 Ndf6 12.e3 c6 13.Rad1 Bd7 14.Nd2 Nxc3

[Event "Bundesliga B Mitte 2008/2009"]
[Site "Wolfsberg"]
[Date "2008.10.12"]
[Round "2"]
[Board "4"]
[White "Sandhoefner, Florian"]
[Black "Kilgus, Georg"]
[Result "1/2-1/2"]
[WhiteElo "2246"]
[BlackElo "2349"]
[PlyCount "68"]
[EventDate "2008.10.11"]
[EventType "team"]
[EventRounds "11"]
[EventCountry "AUT"]
[WhiteTeam "ASK St. Valentin"]
[BlackTeam "Schachklub Sparkasse Fuerstenfeld"]

1.e4 e5 2.Nf3 Nc6 3.Bb5 a6 4.Ba4 Nf6 5.O-O Be7 6.Re1 b5 7.Bb3 d6 8.c3 O-O 9.h3
Na5 10.Bc2 c5 11.d4 Qc7 12.Nbd2 Nc6 13.dxc5 dxc5 14.Nf1 Be6 15.Ng5 Rad8 16.Bd2
c4 17.Nxe6 fxe6 18.Qe2 Bc5 19.Be3 Nd4 20.cxd4 exd4 21.b3 dxe3 22.Nxe3 c3 23.Rad1
Rxd1 24.Rxd1 Qf4 25.g3 Qh6 26.Kg2 Bxe3 27.Qxe3 Qxe3 28.fxe3 Kf7 29.b4 Ke7 30.a3
a5 31.bxa5 Ra8 32.Rb1 Rxa5 33.Rb3 Kd6 34.Rxc3 Nd7

[Event "Bundesliga B Mitte 2008/2009"]
[Site "Wolfsberg"]
[Date "2008.10.12"]
[Round "2"]
[Board "5"]
[White "Poetz, Florian"]
[Black "Tober, Gerhard"]
[Result "1-0"]
[WhiteElo "2227"]
[BlackElo "2318"]
[PlyCount "63"]
[EventDate "2008.10.11"]
[EventType "team"]
[EventRounds "11"]
[EventCountry "AUT"]
[WhiteTeam "Schachklub Sparkasse Fuerstenfeld"]
[BlackTeam "ASK St. Valentin"]

1.e4 c5 2.Nf3 Nc6 3.d4 cxd4 4.Nxd4 e5 5.Nb5 d6 6.N1c3 a6 7.Na3 Be6 8.Nc4 b5
9.Ne3 Nf6 10.a3 Be7 11.g3 O-O 12.Bg2 g6 13.O-O Rc8 14.f4 Nd4 15.f5 Bc4 16.Rf2
Kh8 17.Bd2 a5 18.b3 b4 19.Nxc4 bxc3 20.Bxc3 d5 21.Bxa5 Qe8 22.exd5 Nxf5 23.d6
Bd8 24.Bb4 Rg8 25.Bh3 Ne4 26.d7 Nxf2 27.Kxf2 Rxc4 28.dxe8=Q Bb6+ 29.Kf3 e4+
30.Qxe4 Rxe4 31.Kxe4 Nd4 32.Qxd4+

[Event "Bundesliga B Mitte 2008/2009"]
[Site "Wolfsberg"]
[Date "2008.10.12"]
[Round "2"]
[Board "6"]
[White "Heimberger, Reinhard"]
[Black "Radnetter, Georg"]
[Result "0-1"]
[WhiteElo "2256"]
[BlackElo "2189"]
[PlyCount "114"]
[EventDate "2008.10.11"]
[EventType "team"]
[EventRounds "11"]
[EventCountry "AUT"]
[WhiteTeam "ASK St. Valentin"]
[BlackTeam "Schachklub Sparkasse Fuerstenfeld"]

1.c4 e5 2.Nc3 Nf6 3.g3 d5 4.cxd5 Nxd5 5.Bg2 Nb6 6.d3 Be7 7.Nf3 Nc6 8.O-O O-O
9.a3 Re8 10.b4 Bf8 11.Bb2 a5 12.b5 Nd4 13.Nd2 a4 14.Nc4 Ra7 15.Nxb6 cxb6 16.Nxa4
Nxe2+ 17.Qxe2 Rxa4 18.Qc2 Ra5 19.a4 Bf5 20.Be4 Qd7 21.d4 Bxe4 22.Qxe4 f5 23.Qe3
e4 24.Qb3+ Kh8 25.Rfc1 f4 26.f3 e3 27.Kg2 Bd6 28.Qd5 Qe7 29.Bc3 Raa8 30.Be1 Rad8
31.Qf5 Bb8 32.Rc4 Rf8 33.Qd3 Qf6 34.Qe2 Rd5 35.Rac1 Qe6 36.g4 Bd6 37.Qa2 Rxd4
38.Qc2 Rxc4 39.Qxc4 Qxc4 40.Rxc4 g5 41.Rd4 Be5 42.Rd5 Bb2 43.Rxg5 Rc8 44.Rf5
Rc2+ 45.Kg1 Rc1 46.Rxf4 Rxe1+ 47.Kg2 Re2+ 48.Kg1 Ba3 49.Re4 Re1+ 50.Kg2 Bc5
51.f4 Ra1 52.Kf3 Rf1+ 53.Kg2 Rf2+ 54.Kg3 Bd6 55.Rxe3 Rxf4 56.Kh3 Rxa4 57.Rd3 Ra3

[Event "Bundesliga B Mitte 2008/2009"]
[Site "Wolfsberg"]
[Date "2008.10.12"]
[Round "2"]
[Board "1"]
[White "Rabiega, Robert"]
[Black "Wittmann, Walter"]
[Result "1-0"]
[WhiteElo "2543"]
[BlackElo "2269"]
[PlyCount "44"]
[EventDate "2008.10.11"]
[EventType "team"]
[EventRounds "11"]
[EventCountry "AUT"]
[WhiteTeam "ESV Austria Graz"]
[BlackTeam "Union Styria Kleine Zeitung Graz"]

1.e4 c5 2.c3 d5 3.exd5 Qxd5 4.d4 Nf6 5.Nf3 e6 6.Bd3 Nc6 7.O-O Be7 8.a3 cxd4
9.cxd4 O-O 10.Nc3 Qd6 11.Be3 b6 12.Qe2 Bb7 13.Rad1 Qc7 14.Bg5 Rac8 15.Bb1 Rfe8
16.Rfe1 Qd8 17.Qe3 h6 18.Bxh6 Ng4 19.Qd3 Nxh6 20.Qh7+ Kf8 21.d5 Bd6 22.dxc6 Bxc6
{Rest of notation unclear}

[Event "Bundesliga B Mitte 2008/2009"]
[Site "Wolfsberg"]
[Date "2008.10.12"]
[Round "2"]
[Board "2"]
[White "Hatzl, Stefan"]
[Black "Skoberne, Jure"]
[Result "0-1"]
[WhiteElo "2148"]
[BlackElo "2489"]
[PlyCount "82"]
[EventDate "2008.10.11"]
[EventType "team"]
[EventRounds "11"]
[EventCountry "AUT"]
[WhiteTeam "Union Styria Kleine Zeitung Graz"]
[BlackTeam "ESV Austria Graz"]

1.e4 d6 2.d4 Nf6 3.Nc3 g6 4.f4 Bg7 5.Nf3 c5 6.Bb5+ Bd7 7.e5 Ng4 8.Bxd7+ Qxd7
9.exd6 cxd4 10.Nxd4 O-O 11.h3 Nf6 12.Be3 Qxd6 13.Qf3 Nbd7 14.O-O-O Qa6 15.g4 Nb6
16.Nb3 Rac8 17.Bd4 Na4 18.Nxa4 Qxa4 19.Kb1 b6 20.Rhe1 Rfd8 21.f5 Rd7 22.g5 Ne8
23.f6 exf6 24.gxf6 Bf8 25.h4 h5 26.Re5 Rd6 27.Rxh5 Qc6 28.Qxc6 Rcxc6 29.Rg5 Nxf6
30.Rdg1 Ne4 31.R5g4 f5 32.R4g2 Kf7 33.c3 Be7 34.Be5 Rd5 35.Nd4 Rc8 36.Bf4 Rg8
37.Nf3 Bc5 38.Re1 b5 39.h5 gxh5 40.Ne5+ Rxe5 41.Rxg8 Nxc3+

[Event "Bundesliga B Mitte 2008/2009"]
[Site "Wolfsberg"]
[Date "2008.10.12"]
[Round "2"]
[Board "3"]
[White "Langheinrich, Ferenc"]
[Black "Spirk, Stefan"]
[Result "1-0"]
[WhiteElo "2424"]
[BlackElo "2128"]
[PlyCount "73"]
[EventDate "2008.10.11"]
[EventType "team"]
[EventRounds "11"]
[EventCountry "AUT"]
[WhiteTeam "ESV Austria Graz"]
[BlackTeam "Union Styria Kleine Zeitung Graz"]

1.Nf3 Nf6 2.c4 c5 3.Nc3 d5 4.cxd5 Nxd5 5.g3 Nc6 6.Bg2 Nc7 7.a3 e5 8.O-O Be7 9.b4
f6 10.bxc5 Ne6 11.e3 Bxc5 12.Qb3 O-O 13.d4 exd4 14.exd4 Ncxd4 15.Nxd4 Bxd4
16.Rb1 Bxc3 17.Qxc3 Kh8 18.Be3 Rf7 19.a4 Rc7 20.Qa3 Bd7 21.Bxb7 Rb8 22.Bg2 Qe8
23.Rxb8 Qxb8 24.Qd6 Qf8 25.Qa6 Qc8 26.Qa5 Rc4 27.Qxa7 Rxa4 28.Qb6 h6 29.h4 Ra6
30.Qb3 Ba4 31.Qd3 Bc6 32.Rc1 Qa8 33.Rxc6 Rxc6 34.Qd7 Qa1+ 35.Kh2 Ra6 36.Qe8+ Kh7
37.Be4+

[Event "Bundesliga B Mitte 2008/2009"]
[Site "Wolfsberg"]
[Date "2008.10.12"]
[Round "2"]
[Board "4"]
[White "Nickl, Klaus"]
[Black "Sakelsek, Tadej"]
[Result "0-1"]
[WhiteElo "2150"]
[BlackElo "2403"]
[PlyCount "132"]
[EventDate "2008.10.11"]
[EventType "team"]
[EventRounds "11"]
[EventCountry "AUT"]
[WhiteTeam "Union Styria Kleine Zeitung Graz"]
[BlackTeam "ESV Austria Graz"]

1.d4 Nf6 2.Bg5 e6 3.e4 h6 4.Bxf6 Qxf6 5.c3 b6 6.Bd3 Bb7 7.Ne2 g6 8.O-O Bg7 9.f4
Qe7 10.Nd2 d6 11.Qa4+ c6 12.Rae1 O-O 13.Qc2 e5 14.dxe5 dxe5 15.f5 Nd7 16.b4 Rad8
17.Bc4 Kh7 18.Ng3 a6 19.a3 b5 20.Be2 c5 21.Nf3 Rc8 22.Qa2 Nf6 23.Bd3 Rfd8 24.Bb1
Rd7 25.Rd1 Rcd8 26.Qe2 Bc6 27.Bc2 Kh8 28.fxg6 fxg6 29.Nh4 Kh7 30.Nf3 Rxd1
31.Rxd1 Rxd1+ 32.Qxd1 cxb4 33.axb4 Ng4 34.Qd2 Qa7+ 35.Kf1 Qe3 36.Qe1 Bf6 37.h3
Qxe1+ 38.Nxe1 Ne3+ 39.Ke2 Nxc2 40.Nxc2 Bh4 41.Kf3 Bxg3 42.Kxg3 Bxe4 43.Ne3 h5
44.h4 Kg7 45.Kf2 Kf6 46.g3 Ke6 47.Ke2 Kd6 48.Kd2 Ke6 49.Ke2 Kf6 50.Kf2 g5 51.Ke2
gxh4 52.gxh4 Ke6 53.Kd2 Kd6 54.Ke2 Ke6 55.Kd2 Bg6 56.Ke2 e4 57.Kf2 Ke5 58.Kg3
Bf7 59.Nc2 Bb3 60.Nd4 Bd1 61.Nc6+ Kd5 62.Nb8 e3 63.Nxa6 Kc4 64.Nc7 Bg4 65.Kg2
Kd3 66.Nd5 e2

[Event "Bundesliga B Mitte 2008/2009"]
[Site "Wolfsberg"]
[Date "2008.10.12"]
[Round "2"]
[Board "5"]
[White "Kotz, Heinz Peter"]
[Black "Hatzl, Johannes"]
[Result "1/2-1/2"]
[WhiteElo "2342"]
[BlackElo "2118"]
[PlyCount "78"]
[EventDate "2008.10.11"]
[EventType "team"]
[EventRounds "11"]
[EventCountry "AUT"]
[WhiteTeam "ESV Austria Graz"]
[BlackTeam "Union Styria Kleine Zeitung Graz"]

1.e4 c5 2.Nf3 Nc6 3.d4 cxd4 4.Nxd4 e5 5.Nb5 d6 6.a4 Nf6 7.N1c3 a6 8.Na3 Be7
9.Bc4 O-O 10.O-O Be6 11.Bg5 Rc8 12.Bxf6 Bxf6 13.Nd5 Bxd5 14.Bxd5 Qc7 15.Nc4 Ne7
16.b3 Nxd5 17.Qxd5 Be7 18.Rfd1 Qc6 19.a5 Qxd5 20.Rxd5 Rfd8 21.Rad1 f6 22.g3 Rc5
23.Kf1 Rxd5 24.Rxd5 Kf7 25.f4 Ke6 26.Ke2 g6 27.Ke3 Rc8 28.Kd3 Rc5 29.Ne3 f5
30.c4 fxe4+ 31.Kxe4 exf4 32.gxf4 Rxd5 33.Nxd5 Bh4 34.b4 Be1 35.h3 Bd2 36.Kd3 Be1
37.Ke4 Bd2 38.Nc7+ Kd7 39.Nd5 Ke6

[Event "Bundesliga B Mitte 2008/2009"]
[Site "Wolfsberg"]
[Date "2008.10.12"]
[Round "2"]
[Board "6"]
[White "Schriebl, Alexander"]
[Black "Aschenbrenner, Robert"]
[Result "0-1"]
[WhiteElo "2103"]
[BlackElo "2261"]
[PlyCount "100"]
[EventDate "2008.10.11"]
[EventType "team"]
[EventRounds "11"]
[EventCountry "AUT"]
[WhiteTeam "Union Styria Kleine Zeitung Graz"]
[BlackTeam "ESV Austria Graz"]

1.d4 Nf6 2.c4 c5 3.d5 a6 4.a4 e5 5.Nc3 d6 6.e4 Be7 7.Nf3 O-O 8.Be2 Ne8 9.O-O Bg4
10.Ne1 Bxe2 11.Qxe2 Bg5 12.Bxg5 Qxg5 13.Ra3 Nd7 14.Nc2 g6 15.Rb3 Rb8 16.Qe3 Qe7
17.Qg3 Ng7 18.Ne2 f5 19.exf5 Nxf5 20.Qh3 b5 21.axb5 axb5 22.Rxb5 Rxb5 23.cxb5
Nb6 24.Nc3 Nd4 25.Ne3 Rf4 26.f3 Qa7 27.Kh1 Kg7 28.Qg3 Qa5 29.Qe1 Nxb5 30.Qa1
Qxa1 31.Rxa1 Rb4 32.Nxb5 Rxb5 33.Ra7+ Kg8 34.Kg1 Rxb2 35.Ng4 Nxd5 36.Rd7 Rb6
37.Nxe5 Nf6 38.Rd8+ Kg7 39.Nc4 Rb1+ 40.Kf2 d5 41.Ne3 Rb2+ 42.Kf1 Kf7 43.h4 Ke6
44.g4 d4 45.Nc4 Rc2 46.Nb6 Ke5 47.g5 Nh5 48.Rf8 d3 49.Ke1 c4 50.Nd7+ Kd4

[Event "Bundesliga B Mitte 2008/2009"]
[Site "Wolfsberg"]
[Date "2008.10.12"]
[Round "2"]
[Board "1"]
[White "Bokros, Albert"]
[Black "Horvath, Csaba"]
[Result "1/2-1/2"]
[WhiteElo "2475"]
[BlackElo "2518"]
[PlyCount "26"]
[EventDate "2008.10.11"]
[EventType "team"]
[EventRounds "11"]
[EventCountry "AUT"]
[WhiteTeam "SK Leoben"]
[BlackTeam "SC Die Klagenfurter"]

1.e4 c6 2.d4 d5 3.Nc3 dxe4 4.Nxe4 Bf5 5.Ng3 Bg6 6.Nf3 Nd7 7.Bd3 e6 8.O-O Ngf6
9.Re1 Qc7 10.Bg5 Bd6 11.Qe2 Bxd3 12.Qxd3 h6 13.Bxf6 Nxf6

[Event "Bundesliga B Mitte 2008/2009"]
[Site "Wolfsberg"]
[Date "2008.10.12"]
[Round "2"]
[Board "3"]
[White "Bachler, Reinhard"]
[Black "Pilaj, Herwig"]
[Result "1/2-1/2"]
[WhiteElo "2241"]
[BlackElo "2393"]
[PlyCount "32"]
[EventDate "2008.10.11"]
[EventType "team"]
[EventRounds "11"]
[EventCountry "AUT"]
[WhiteTeam "SK Leoben"]
[BlackTeam "SC Die Klagenfurter"]

1.f4 c5 2.Nf3 g6 3.d3 Bg7 4.e4 d5 5.c3 Nc6 6.Nbd2 Nf6 7.e5 Ng4 8.Nb3 b6 9.h3 Nh6
10.g4 f5 11.g5 Nf7 12.Bg2 e6 13.d4 c4 14.Nbd2 Bd7 15.Qe2 b5 16.Nf1 Rb8

[Event "Bundesliga B Mitte 2008/2009"]
[Site "Wolfsberg"]
[Date "2008.10.12"]
[Round "2"]
[Board "4"]
[White "Genser, Harald"]
[Black "Schein, Karl-Heinz"]
[Result "1-0"]
[WhiteElo "2314"]
[BlackElo "2219"]
[PlyCount "141"]
[EventDate "2008.10.11"]
[EventType "team"]
[EventRounds "11"]
[EventCountry "AUT"]
[WhiteTeam "SC Die Klagenfurter"]
[BlackTeam "SK Leoben"]

1.d4 Nf6 2.c4 e6 3.Nf3 b6 4.g3 Ba6 5.Qa4 c5 6.Bg2 Bb7 7.dxc5 Bxc5 8.O-O O-O
9.Nc3 Nc6 10.Rd1 Qc8 11.Bf4 Re8 12.Rac1 h6 13.Bd6 Bxd6 14.Rxd6 Ne7 15.Rdd1 Bc6
16.Qb4 Qb7 17.Nb5 Nf5 18.Bh3 a6 19.Nbd4 Nxd4 20.Nxd4 Be4 21.f3 Bg6 22.e4 Qc7
23.Ne2 Rec8 24.Qd6 Qc5+ 25.Qxc5 Rxc5 26.Bf1 Rac8 27.Nf4 Bh7 28.b4 R5c7 29.Rd6 g5
30.Ng2 g4 31.fxg4 Bxe4 32.Rxb6 Nxg4 33.c5 a5 34.Ba6 Ra8 35.b5 Ne5 36.Nf4 d5
37.Rb7 Rcc8 38.Ra7 d4 39.Rxa8 Rxa8 40.c6 d3 41.c7 d2 42.Rd1 Bc2 43.Rxd2 Nf3+
44.Kg2 Nxd2 45.b6 Be4+ 46.Kh3 Nb1 47.b7 Bxb7 48.Bxb7 Rf8 49.Ne2 Kg7 50.c8=Q Rxc8
51.Bxc8 Kf6 52.Kg4 Ke5 53.Bb7 Kf6 54.Kf4 Nd2 55.Bg2 Nc4 56.Ke4 Nd6+ 57.Kd4 Nf5+
58.Kd3 Nd6 59.a4 Kg5 60.Bf3 e5 61.h4+ Kg6 62.g4 f5 63.Ng3 e4+ 64.Nxe4 fxe4+
65.Bxe4+ Kf6 66.Kd4 Nf7 67.Bb7 Ne5 68.Bc8 Nf3+ 69.Kc5 Ke7 70.h5 Kd8 71.Bf5

[Event "Bundesliga B Mitte 2008/2009"]
[Site "Wolfsberg"]
[Date "2008.10.12"]
[Round "2"]
[Board "5"]
[White "Binder, Michael"]
[Black "Petschar, Kurt"]
[Result "1-0"]
[WhiteElo "2170"]
[BlackElo "2267"]
[PlyCount "45"]
[EventDate "2008.10.11"]
[EventType "team"]
[EventRounds "11"]
[EventCountry "AUT"]
[WhiteTeam "SK Leoben"]
[BlackTeam "SC Die Klagenfurter"]

1.d4 d5 2.c4 e6 3.Nc3 c6 4.Nf3 Nf6 5.Bg5 h6 6.Bxf6 Qxf6 7.Qc2 Nd7 8.e4 dxe4
9.Qxe4 Bb4 10.Bd3 Qd8 11.O-O Nf6 12.Qe2 Bxc3 13.bxc3 b6 14.Ne5 Bb7 15.Rad1 O-O
16.f4 Qe7 17.f5 Rfe8 18.fxe6 Qxe6 19.Rde1 c5 20.Bc2 cxd4 21.cxd4 g6 22.Qf2 Ng4
23.Nxg4